000 00320nam a2200109Ia 4500
008 171211s9999 xx 000 0 und d
245 4 _aThe Laboratory Guinea Pig, Second Edition (Volume 4)
245 _cDonna J. Clemons
260 _c2016
650 _xANIMALS
856 _uhttp://down.ebook777.com/056/9781439835562.pdf
999 _c348433
_d348433